000 00252nam a2200109Ia 4500
008 190912s9999||||xx |||||||||||||| ||und||
100 _aNiazi,Munir
245 2 _aA CRY in the Wilderness
260 _aKarachi
_bAddision
_c2002
300 _a65
942 _cBK
999 _c7556
_d7556